Food To Countries - Statistics

General Stats
  • This quiz has been taken 77 times
  • The average score is 7 of 10
Answer Stats
Hint Answer % Correct
Baguette France
100%
Schnitzel Germany
97%
Quesadilla Mexico
97%
Hamburger United States of America
96%
Ramen Japan
91%
Vegemite Australia
78%
Bing Bao China
76%
Appletaart Netherlands
50%
Kleinur Iceland
12%
Golaz Slovenia
6%
No matching quizzes found
Score Distribution
Percent of People with Each Score
Percentile by Number Answered
Your Score History
You have not taken this quiz